000 00227nam a22000857a 4500
008 160708b xxu||||| |||| 00| 0 eng d
100 _92468
_a American Heritage
245 _aWashington, West Virginia, Wisconsin
260 _aAmerican
999 _c2137
_d2137